| 000 | 00735nam a22002057a 4500 | ||
|---|---|---|---|
| 999 |
_c15133 _d15133 |
||
| 003 | OSt | ||
| 082 | _2631.587 GRE/FI | ||
| 088 | _aP 216 | ||
| 100 |
_aGREESHMA C. P _93637 |
||
| 245 | _aFinite element analysis - applications in agricultural engineering | ||
| 260 |
_aTavanur 2010 _bKelappaji College of Agricultural Engineering and Technology |
||
| 300 | _a57 | ||
| 500 | _aFinite element analysis - applications in agricultural engineering | ||
| 520 | _aFinite element analysis - applications in agricultural engineering | ||
| 700 |
_aMohammad A _93638 |
||
| 700 |
_aShincy Lukose _93639 |
||
| 700 |
_aEr. Sasikala D (Guide) _93366 |
||
| 856 | _uhttps://drive.google.com/open?id=1YqB7VcaOVOrF5UOl7mvFdjJzqcdi7RCK | ||
| 942 | _cPR | ||